| 000 | 00865pam a2200289 a 4500 | ||
|---|---|---|---|
| 999 |
_c1892 _d1892 |
||
| 001 | 1996456 | ||
| 003 | OSt | ||
| 005 | 20210701111130.0 | ||
| 008 | 900913s1991 nyua b 001 0 eng c | ||
| 010 | _a 90010369 | ||
| 020 | _a0387974288 (alk. paper) | ||
| 040 |
_aDNLM/DLC _cDLC _dDLC |
||
| 050 | 0 | 0 |
_aRC683 _b.F59 1991 |
| 060 | _aWG 141 F787d | ||
| 082 | 0 | 0 |
_a616.1/2075 _220 |
| 100 | 1 | _aFowler, Noble O. | |
| 245 | 1 | 0 |
_aDiagnosis of heart disease / _cNoble O. Fowler. |
| 260 |
_aNew York : _bSpringer-Verlag, _cc1991. |
||
| 300 |
_axii, 429 p. : _bill. ; _c26 cm. |
||
| 500 | _aIncludes index. | ||
| 504 | _aIncludes bibliographical references. | ||
| 650 | 0 |
_aHeart _xDiseases _xDiagnosis. |
|
| 650 | 2 |
_aHeart Diseases _xdiagnosis. |
|
| 906 |
_a7 _bcbc _corignew _d1 _eocip _f19 _gy-gencatlg |
||
| 942 |
_2lcc _cBK _nJE |
||